000 00879 a2200229 4500
005 20180312141957.0
008 140306s1995 sp a gr|||| 000 j spa d
020 _a8448001966
040 _aCO-BoUCM
_bspa
_cJose A. Gerena
_dDiana Londoño
041 _aspa
100 1 _aMartí, Isabel
_958044
245 1 0 _aTeo descubre los buenos modales
_b(hábitos de civismo y urbanidad)
_cIsabel Martí, Modes García ; ilustraciones de Violeta Denou
260 _c1995
_aBarcelona (España)
_bTimun mas
300 _a[57] páginas
_bilustraciones a color
650 7 _aCuentos ilustrados para niños
_937305
650 7 _aLiteratura infantil española
_918684
690 _942863
_aLiteratura europea
700 1 _aDenou, Violeta
_eilustrador
_958047
700 1 _aGarcía, Modes
_958045
942 _a18
_cLIBRO
_e1
_mM378d
_2DEWEY
_h843.914
_n0
999 _c240000
_d240000